Seis relatos negras

Guardat en:
Dades bibliogràfiques
Autors principals: Bierce, Ambrose, Huxley, Aldous Leonard (Autor)
Altres autors: Chejov, Anton Pavlovich, Faulkner, William, Arreola, Juan José, Benedetti, Mario
Format: Llibre
Idioma:espanyol
Publicat: Barcelona Tusquets 1981
Edició:Segunda edición
Col·lecció:Cuadernos Infimos. 21
Matèries:
Etiquetes: Afegir etiqueta
Sense etiquetes, Sigues el primer a etiquetar aquest registre!

MARC

LEADER 00000nam a2200000 a 4500
001 UCV7584
003 CL-VaPUC
005 20250228153807.0
008 881026e19810000SP |||||||||||||||||spa|d
999 |c 213235  |d 213233 
040 |c Pontificia Universidad Católica de Valparaíso 
082 0 4 |a 808.831 BIE 1981  |2 21 
100 0 |a Bierce, Ambrose  |9 301711 
245 1 0 |a Seis relatos negras 
250 |a Segunda edición 
260 |a Barcelona  |b Tusquets  |c 1981 
300 |a 78 páginas 
490 0 |a Cuadernos Infimos.  |v 21 
583 |a last modification  |c 19881026 00:00:00  |k Rodrigo Vera 
650 0 |a Cuentos estadounidenses  |9 265133 
650 7 |a CUENTOS RUSOS  |2 CL-VaPUC  |9 265134 
650 0 |a Cuentos ingleses  |9 265135 
650 0 |a Cuentos uruguayos  |9 265136 
700 0 |a Chejov, Anton Pavlovich  |9 301712 
700 |a Huxley, Aldous Leonard  |e author  |9 553641 
700 0 |a Faulkner, William  |9 301714 
700 0 |a Arreola, Juan José  |9 301715 
700 0 |a Benedetti, Mario  |9 301716 
942 |c BK  |2 ddc 
945 |d 19881026 00:00:00 
952 |0 0  |1 0  |2 ddc  |4 0  |6 808_831000000000000_BIE_1981  |7 0  |8 A  |9 195409  |a BIBARQ  |b BIBARQ  |d 2019-11-14  |i 2634643  |o 808.831 BIE 1981  |p 2634643  |r 2025-01-20  |t 1  |w 2019-11-14  |y BK  |k ARQ